संविधान क सामाकि अन्याय (Record no. 1235899)
[ view plain ]
| 000 -LEADER | |
|---|---|
| fixed length control field | 00820nam a2200241Ia 4500 |
| 005 - DATE AND TIME OF LATEST TRANSACTION | |
| control field | 20250108125149.0 |
| 008 - FIXED-LENGTH DATA ELEMENTS--GENERAL INFORMATION | |
| fixed length control field | 008 250107s9999 xx 000 0 hin d |
| 020 ## - INTERNATIONAL STANDARD BOOK NUMBER | |
| International Standard Book Number | 978-81-968962-3-2 |
| 037 ## - SOURCE OF ACQUISITION | |
| Stock number | TB |
| 040 ## - CATALOGING SOURCE | |
| Original cataloging agency | CRL |
| Language of cataloging | hin |
| Transcribing agency | CRL |
| 041 ## - LANGUAGE CODE | |
| Language code of text/sound track or separate title | hin |
| Source of code | hin |
| 084 ## - COLON CLASSIFICATION NUMBER | |
| Classification number | Δ P3.1-.16(RR) |
| 084 ## - COLON CLASSIFICATION NUMBER | |
| Assigning agency | CRL |
| 100 ## - MAIN ENTRY--PERSONAL NAME | |
| Personal name | ढिस्सा, लाल चंद, ले. |
| 9 (RLIN) | 556911 |
| 245 #0 - TITLE STATEMENT | |
| Title | संविधान क सामाकि अन्याय |
| Statement of responsibility, etc. | ढिस्सा, लाल चंद, ले. |
| 260 ## - PUBLICATION, DISTRIBUTION, ETC. | |
| Place of publication, distribution, etc. | मध्य प्रदेश, भारत |
| Name of publisher, distributor, etc. | जनजातिय दलित संघ |
| Date of publication, distribution, etc. | 3511 |
| 300 ## - PHYSICAL DESCRIPTION | |
| Extent | 184पृ0 |
| 365 ## - TRADE PRICE | |
| Price type code | INR |
| Price amount | 4760 |
| 490 ## - SERIES STATEMENT | |
| Volume/sequential designation | खण्ड 1 |
| 650 ## - SUBJECT ADDED ENTRY--TOPICAL TERM | |
| Topical term or geographic name entry element | इतिहास |
| 942 ## - ADDED ENTRY ELEMENTS (KOHA) | |
| Koha item type | Textbook |
| Classification part | Δ P3.1-.16(RR) |
| Withdrawn status | Lost status | Damaged status | Not for loan | Home library | Current library | Date acquired | Source of acquisition | Cost, normal purchase price | Total Checkouts | Full call number | Barcode | Date last seen | Price effective from | Koha item type |
|---|---|---|---|---|---|---|---|---|---|---|---|---|---|---|
| Central Library | Central Library | 2025-01-08 | Gift, 08/10/2024, | 4760.00 | V2:2:(Y) 152Q1.1(RR) | CL1699523 | 2025-01-08 | 2025-01-08 | Textbook |
